000
00256nam a2200097Ia 4500
008
230508s2002 xx 000 0 und d
041
_a
eng
100
_a
SARTAJ SAHNI
245
_a
DATA STRUCTURES,ALGORITHMS & APPLI.IN JAVA
260
_b
M G H PUBLISHER
_c
2002
999
_c
716280
_d
716280